Historia de la Argentina / (Record no. 54934)

MARC details
000 -LEADER
campo de control de longitud fija 00661nam a22002055i 4500
001 - NÚMERO DE CONTROL
campo de control 54934
003 - IDENTIFICADOR DE NÚMERO DE CONTROL
campo de control ES-MaACL
005 - FECHA Y HORA DE LA ÚLTIMA TRANSACCIÓN
campo de control 20250825224016.0
007 - CAMPO FIJO DE DESCRIPCIÓN FÍSICA--INFORMACIÓN GENERAL
campo de control de longitud fija t|
008 - DATOS DE LONGITUD FIJA--INFORMACIÓN GENERAL
campo de control de longitud fija 960731q18801900sp ||||1| spa d
040 ## - FUENTE DE CATALOGACIÓN
Centro catalogador/agencia de origen CAM
Lengua de catalogación spa
Centro/agencia transcriptor CAM
100 1# - ENTRADA PRINCIPAL--NOMBRE DE PERSONA
Nombre de persona García Al-Deguer, Juan.
9 (RLIN) 54120
245 10 - MENCIÓN DEL TÍTULO
Título Historia de la Argentina /
Mención de responsabilidad, etc. Juan García Al-Deguer.
260 ## - PUBLICACIÓN, DISTRIBUCIÓN, ETC.
Lugar de publicación, distribución, etc. Madrid :
Nombre del editor, distribuidor, etc. La España Editorial,
Fecha de publicación, distribución, etc. [18--?] (
Fabricante Imprenta de Felipe Marqués)
300 ## - DESCRIPCIÓN FÍSICA
Extensión 2 v. (VII, 261; 271 p.) ;
Dimensiones 18 cm.
500 ## - NOTA GENERAL
Nota general La España Editorial publica ca. 1880-1900.
651 #4 - PUNTO DE ACCESO ADICIONAL DE MATERIA--NOMBRE GEOGRÁFICO
Nombre geográfico Argentina-
Subdivisión general Historia
9 (RLIN) 7807
852 ## - LOCALIZACIÓN
Ubicación ES-MaACL
Número de control de estantería D-2547-8
Holdings
Estatus retirado Estado de pérdida Estado de daño No para préstamo Biblioteca de origen Biblioteca actual Ubicación en estantería Fecha de adquisición Fuente de adquisición Total de préstamos Signatura topográfica completa Código de barras Visto por última vez Precio de reemplazo Tipo de ítem Koha
        Biblioteca del Ateneo de Madrid Biblioteca del Ateneo de Madrid Sala Valle Inclán 17/01/2008     D-2547-8 901057728 23/02/2023 23/02/2023 Libro impreso antiguo